[Event "Otvoreno prvenstvo Paraæina za 2012. god"]
[Site "DCK - Paraæin"]
[Date "2012.01.22"]
[Round "5.18"]
[White "Radovic, Luka"]
[Black "Ivic, Matija"]
[Result "1/2-1/2"]
[WhiteElo "1969"]
[BlackElo "1665"]
[PlyCount "29"]
[EventDate "2012.01.20"]

1. Nf3 {[%emt 0:00:00]} Nf6 {[%emt 0:00:00]} 2. g3 {[%emt 0:00:00]} g6 {[%emt
0:00:00]} 3. b3 {[%emt 0:00:00]} Bg7 {[%emt 0:00:00]} 4. Bb2 {[%emt 0:00:00]}
O-O {[%emt 0:00:00]} 5. Bg2 {[%emt 0:00:00]} c5 {[%emt 0:00:00]} 6. c4 {[%emt
0:00:00]} d6 {[%emt 0:00:00]} 7. O-O {[%emt 0:00:00]} Nc6 {[%emt 0:00:00]} 8.
d3 {[%emt 0:00:00]} Bd7 {[%emt 0:00:00]} 9. e3 {[%emt 0:00:00]} Rb8 {[%emt 0:
00:00]} 10. Nbd2 {[%emt 0:00:00]} a6 {[%emt 0:00:00]} 11. d4 {[%emt 0:00:00]}
Bf5 {[%emt 0:00:00]} 12. Qe2 {[%emt 0:00:00]} Ne4 {[%emt 0:00:00]} 13. Nh4 {
[%emt 0:00:00]} Nxd2 {[%emt 0:00:00]} 14. Nxf5 {[%emt 0:00:00]} Nxf1 {[%emt 0:
00:00]} 15. Nxg7 {[%emt 0:00:00]} 1/2-1/2